000 00504cam a22001457a 4500
008 180718b1985 xxu||||| |||| 00| 0 eng d
082 _aD7x5 In2
100 _aHao Li , Victor
245 _aRegional cooperation on critical issues confronting: the Asia /Pacific region
_cby Victor hao Li
260 _aNew Delhi
_bIndian Institute of Public Administration
_c1985
300 _a17p.
440 _aEndowment Lecture-3
500 _adelivered at IIPA on March 29, 1985
650 _aInternational cooperation
999 _c501976
_d501976